| 000 | 00769nam a22001937a 4500 | ||
|---|---|---|---|
| 999 |
_c166640 _d166640 |
||
| 005 | 20190801130016.0 | ||
| 010 | _aUR-10325 | ||
| 020 |
_c1880.00 _a789388356336 |
||
| 035 | _aU-8880 | ||
| 037 | _bDBAD/PUB | ||
| 082 | _a840.8 | ||
| 100 | _aا فتخا ر ا حمد خا ن | ||
| 245 |
_aسر سيد کی لبر ل ،سيکو لر ،ا و ر سا ءنسی طر ز وکر _cا فتخا ر ا حمد خا ن |
||
| 246 |
_bSir Syed ki Libral,Seculer,Aur Sciencey Tarze Fikr (Urdu) _aby Iftikhar Alam Khan |
||
| 260 |
_aDelhi _bEducational Publishing House _c2018 ء |
||
| 270 |
_a3191,Vakil Street,Kucha Pandit,Lal Kuan, _bDelhi _e110006 _k23214465 _l00911123211540 |
||
| 300 |
_a163 ص _c22 Cm(Hb) |
||
| 942 |
_2ddc _cUR _h840.8 _mخ ا ن |
||